logo

Bir Sreshtho Munshi Abdur Rouf Library
Jhenaidah Cadet College

The Facts on File visual dictionary / (Record no. 9591)

MARC details
000 -LEADER
fixed length control field 00771pam a2200265 a 4500
001 - CONTROL NUMBER
JCCL Control Number 9591
003 - CONTROL NUMBER IDENTIFIER
JCCL marc code BD-JhCC
005 - DATE AND TIME OF LATEST TRANSACTION
control field 20180320083319.0
008 - FIXED-LENGTH DATA ELEMENTS--GENERAL INFORMATION
fixed length control field 180320s1986 as a b 001 0 eng
020 ## - INTERNATIONAL STANDARD BOOK NUMBER
International Standard Book Number 0816015449 :
Terms of availability $29.95
035 ## - SYSTEM CONTROL NUMBER
system control number (BD-JhCC)9591
040 ## - CATALOGING SOURCE
Original cataloging agency DLC
Transcribing agency DLC
Modifying agency DLC
-- BD-JhCC
041 ## - LANGUAGE CODE
Language code of Book eng
050 00 - LIBRARY OF CONGRESS CALL NUMBER
Classification number AG250
Item number .C63 1986
082 00 - DEWEY DECIMAL CLASSIFICATION NUMBER
Classification number 423/.1
DDC Edition number 19
Author mark and Year COR 1986
100 1# - MAIN ENTRY--PERSONAL NAME
Personal name Corbeil, Jean Claude.
245 14 - TITLE STATEMENT
Title The Facts on File visual dictionary /
Statement of responsibility, etc Jean-Claude Corbeil.
260 ## - PUBLICATION, DISTRIBUTION, ETC. (IMPRINT)
Place of publication, distribution, etc New York :
Name of publisher, distributor, etc Facts on File,
Date of publication, distribution, etc c1986.
300 ## - PHYSICAL DESCRIPTION
Pagination 797 p. :
Other physical details chiefly ill. ;
Dimensions 24 cm.
500 ## - GENERAL NOTE
General note Includes indexes.
504 ## - BIBLIOGRAPHY, ETC. NOTE
Bibliography, etc Bibliography: p. 795.
650 #0 - SUBJECT ADDED ENTRY--TOPICAL TERM
Topical term or geographic name as entry element Picture dictionaries, English.
650 #0 - SUBJECT ADDED ENTRY--TOPICAL TERM
Topical term or geographic name as entry element Handbooks, vade-mecums, etc.
942 ## - ADDED ENTRY ELEMENTS (KOHA)
Source of classification or shelving scheme Dewey Decimal Classification
Koha item type Reference
Holdings
Source of classification or shelving scheme Damaged status Not for loan Home library Current library Shelving location Total Checkouts Full call number Barcode Date last seen Copy number Koha item type
Dewey Decimal Classification     JCC Rouf Library JCC Rouf Library General Stacks   423/.1 COR 1986 12776 03/20/2018 C - 1 Reference

JCC Library | Contacts | JCC Home

Last Update on 23 September 2017
Copyright @ 2017-2020 JCC Rouf Library
Rouf Library, Jhenidah Cadet College (JCC), Bangladesh